<?xml version="1.0" encoding="UTF-8"?>
<record
    xmlns:xsi="http://www.w3.org/2001/XMLSchema-instance"
    xsi:schemaLocation="http://www.loc.gov/MARC21/slim http://www.loc.gov/standards/marcxml/schema/MARC21slim.xsd"
    xmlns="http://www.loc.gov/MARC21/slim">

  <leader>01219cam a2200217   4500500</leader>
  <controlfield tag="005">20260208001118.0</controlfield>
  <datafield tag="041" ind1=" " ind2=" ">
    <subfield code="a">fre</subfield>
  </datafield>
  <datafield tag="042" ind1=" " ind2=" ">
    <subfield code="a">dc</subfield>
  </datafield>
  <datafield tag="100" ind1="1" ind2="0">
    <subfield code="a">Marques, Ana</subfield>
    <subfield code="e">author</subfield>
  </datafield>
  <datafield tag="245" ind1="0" ind2="0">
    <subfield code="a">Consentir &#xE0; la contrainte ou contraindre &#xE0; consentir</subfield>
  </datafield>
  <datafield tag="260" ind1=" " ind2=" ">
    <subfield code="c">2017.
							</subfield>
  </datafield>
  <datafield tag="500" ind1=" " ind2=" ">
    <subfield code="a">70</subfield>
  </datafield>
  <datafield tag="520" ind1=" " ind2=" ">
    <subfield code="a">La pratique psychiatrique se confronte souvent &#xE0; la question de la libert&#xE9;. La libert&#xE9; du malade est un principe mais le r&#xF4;le du soignant sera toujours d&#x2019;&#xEA;tre le garant que le choix de celui-ci, de se soigner ou non, n&#x2019;est pas conditionn&#xE9; par une pathologie qui l&#x2019;ali&#xE8;ne. Question &#xE9;thique sur laquelle butte toujours la psychiatrie. A.Marques, &#xE0; travers sa pratique clinique, nous propose ici quelques r&#xE9;flexions sur ce th&#xE8;me toujours d&#x2019;actualit&#xE9; qui nous renvoient &#xE0; ce &#xAB;&#xA0;bricolage militant&#xA0;&#xBB; cher &#xE0; Daum&#xE9;zon.</subfield>
  </datafield>
  <datafield tag="690" ind1=" " ind2=" ">
    <subfield code="a">Alliance th&#xE9;rapeutique</subfield>
  </datafield>
  <datafield tag="690" ind1=" " ind2=" ">
    <subfield code="a">consentement aux soins</subfield>
  </datafield>
  <datafield tag="690" ind1=" " ind2=" ">
    <subfield code="a">discernement</subfield>
  </datafield>
  <datafield tag="690" ind1=" " ind2=" ">
    <subfield code="a">pratique du soin</subfield>
  </datafield>
  <datafield tag="690" ind1=" " ind2=" ">
    <subfield code="a">projet de vie</subfield>
  </datafield>
  <datafield tag="786" ind1="0" ind2=" ">
    <subfield code="n">Pratiques en sant&#xE9; mentale | 63e a&#xE9;e | 1 | 2017-05-12 | p. 15-17 | 1286-1286</subfield>
  </datafield>
  <datafield tag="856" ind1="4" ind2="1">
    <subfield code="u">https://shs.cairn.info/revue-pratique-en-sante-mentale-2017-1-page-15?lang=fr&amp;redirect-ssocas=7080</subfield>
  </datafield>
  <datafield tag="999" ind1=" " ind2=" ">
    <subfield code="c">1644363</subfield>
    <subfield code="d">1644363</subfield>
  </datafield>
</record>
